[Event "NB2 Toth Laszlo csoport"]
[Site "Gyula"]
[Date "2024.11.17"]
[Round "2.3"]
[White "Restas, Peter"]
[Black "Tamas, Kornel"]
[Result "1-0"]
[WhiteElo "2013"]
[BlackElo "2004"]
[PlyCount "97"]
[EventDate "2024.11.03"]
[EventType "team-tourn"]
[EventRounds "9"]
[EventCountry "HUN"]
[Source "chess.hu"]
[SourceDate "2024.11.17"]
[WhiteTeam "Duocor-Makoi SVSE II"]
[BlackTeam "Gyulai SE"]
[WhiteTeamCountry "HUN"]
[BlackTeamCountry "HUN"]

1. c4 e5 2. g3 Nf6 3. Bg2 Nc6 4. Nc3 Bb4 5. Nd5 Nxd5 6. cxd5 Nb8 7. a3 Bc5 8.
b4 Bd4 9. Rb1 d6 10. Nf3 Bb6 11. O-O O-O 12. d3 h6 13. Nd2 Nd7 14. Nc4 f5 15.
e3 Qe8 16. Qc2 Qf7 17. Rb3 Nf6 18. Nxb6 cxb6 19. e4 Bd7 20. Rc3 Rac8 21. f3
Rxc3 22. Qxc3 Rc8 23. Qa1 Bb5 24. Bh3 Kh8 25. Bxf5 Rc2 26. Rf2 Qc7 27. Rxc2
Qxc2 28. Be3 Qxd3 29. Qc1 Bc4 30. Bxh6 Nxd5 31. exd5 Qxf5 32. Qxc4 gxh6 33. Qe4
Qg5 34. Kg2 Kg7 35. h4 Qd2+ 36. Kh3 Qc1 37. h5 Qg5 38. Qg4 Qxg4+ 39. Kxg4 Kf6
40. b5 a6 41. a4 a5 42. Kh3 Kf7 43. Kg2 Kf6 44. g4 Kf7 45. f4 exf4 46. Kf3 Kg7
47. Kxf4 Kf6 48. Ke4 Kg5 49. Kf3 1-0

[Event "NB2 Toth Laszlo csoport"]
[Site "Gyula"]
[Date "2024.11.17"]
[Round "2.4"]
[White "Gombos, Janos"]
[Black "Csikos, Mihaly"]
[Result "1/2-1/2"]
[WhiteElo "1981"]
[BlackElo "1986"]
[PlyCount "49"]
[EventDate "2024.11.03"]
[EventType "team-tourn"]
[EventRounds "9"]
[EventCountry "HUN"]
[Source "chess.hu"]
[SourceDate "2024.11.17"]
[WhiteTeam "Gyulai SE"]
[BlackTeam "Duocor-Makoi SVSE II"]
[WhiteTeamCountry "HUN"]
[BlackTeamCountry "HUN"]

1. e4 e5 2. Nf3 Nf6 3. Nc3 Nc6 4. Bb5 d6 5. d4 exd4 6. Nxd4 Bd7 7. O-O Be7 8.
f4 Nxd4 9. Qxd4 c6 10. Be2 Qb6 11. Be3 Qxd4 12. Bxd4 c5 13. Bf2 Bc6 14. Bf3 Nd7
15. Rad1 O-O-O 16. Nd5 Bxd5 17. Rxd5 Nb6 18. Rdd1 h5 19. h4 g6 20. b3 Rhe8 21.
a4 Nd7 22. Rfe1 Nf6 23. g3 Kc7 24. Kg2 b6 25. c4 1/2-1/2

[Event "NB2 Toth Laszlo csoport"]
[Site "Gyula"]
[Date "2024.11.17"]
[Round "2.5"]
[White "Kovacs, Arthur Dr"]
[Black "Vereczkei, Laszlo Dr"]
[Result "1/2-1/2"]
[WhiteElo "1951"]
[BlackElo "1939"]
[PlyCount "38"]
[EventDate "2024.11.03"]
[EventType "team-tourn"]
[EventRounds "9"]
[EventCountry "HUN"]
[Source "chess.hu"]
[SourceDate "2024.11.17"]
[WhiteTeam "Duocor-Makoi SVSE II"]
[BlackTeam "Gyulai SE"]
[WhiteTeamCountry "HUN"]
[BlackTeamCountry "HUN"]

1. d4 e6 2. Nf3 f5 3. c4 Nf6 4. g3 Bb4+ 5. Bd2 Qe7 6. Bg2 Nc6 7. O-O Bxd2 8.
Qxd2 Ne4 9. Qc2 d6 10. Nc3 Nxc3 11. Qxc3 Qf6 12. Rac1 e5 13. dxe5 dxe5 14. e3
a5 15. b3 O-O 16. Rfd1 Be6 17. Rd2 Rad8 18. Rcd1 Rxd2 19. Rxd2 g5 1/2-1/2

[Event "NB2 Toth Laszlo csoport"]
[Site "Gyula"]
[Date "2024.11.17"]
[Round "2.6"]
[White "Jako, Robert"]
[Black "Gyori, Gabor"]
[Result "1/2-1/2"]
[WhiteElo "1854"]
[BlackElo "1839"]
[PlyCount "26"]
[EventDate "2024.11.03"]
[EventType "team-tourn"]
[EventRounds "9"]
[EventCountry "HUN"]
[Source "chess.hu"]
[SourceDate "2024.11.17"]
[WhiteTeam "Gyulai SE"]
[BlackTeam "Duocor-Makoi SVSE II"]
[WhiteTeamCountry "HUN"]
[BlackTeamCountry "HUN"]

1. d4 d5 2. Nf3 Nf6 3. e3 e6 4. c4 Be7 5. Nc3 O-O 6. Be2 b6 7. O-O Bb7 8. b3
Nbd7 9. Bb2 c5 10. Rc1 Re8 11. Bd3 Rc8 12. Re1 Bd6 13. Qe2 Qe7 1/2-1/2

[Event "NB2 Toth Laszlo csoport"]
[Site "Gyula"]
[Date "2024.11.17"]
[Round "2.7"]
[White "Balassy, Gabor"]
[Black "Cretu, Sorin-Alexandru"]
[Result "0-1"]
[WhiteElo "1932"]
[BlackElo "1805"]
[PlyCount "90"]
[EventDate "2024.11.03"]
[EventType "team-tourn"]
[EventRounds "9"]
[EventCountry "HUN"]
[Source "chess.hu"]
[SourceDate "2024.11.17"]
[WhiteTeam "Duocor-Makoi SVSE II"]
[BlackTeam "Gyulai SE"]
[WhiteTeamCountry "HUN"]
[BlackTeamCountry "HUN"]

1. d4 Nf6 2. Nf3 b6 3. g3 e6 4. Bg2 Bb7 5. O-O c5 6. c3 d5 7. Bg5 h6 8. Bxf6
Qxf6 9. Ne5 a6 10. Qb3 Qd8 11. f4 Bd6 12. Nd2 Nc6 13. e4 cxd4 14. Nxc6 Bxc6 15.
exd5 dxc3 16. dxc6 cxd2 17. c7 Bxc7 18. Bxa8 Qxa8 19. Qc3 Bd6 20. h3 O-O 21.
Rad1 e5 22. fxe5 Rc8 23. Qxd2 Bxe5 24. Qd5 Bxb2 25. Qxa8 Rxa8 26. Rd7 Re8 27.
Rfxf7 Re1+ 28. Kg2 Bf6 29. Rb7 Re2+ 30. Kf3 Rxa2 31. Rfd7 b5 32. Ke4 Ra3 33.
Rb8+ Kh7 34. Rb6 Kg6 35. Rd3 Ra4+ 36. Kd5 b4 37. Kc4 a5 38. g4 Kh7 39. Rb5 Ra1
40. Rb7 Bc3 41. Rg3 Rc1 42. Kb5 b3 43. g5 hxg5 44. h4 b2 45. hxg5 b1=Q+ 0-1

[Event "NB2 Toth Laszlo csoport"]
[Site "Gyula"]
[Date "2024.11.17"]
[Round "2.8"]
[White "Banyai, Istvan"]
[Black "Diamant, Tibor"]
[Result "1/2-1/2"]
[WhiteElo "1937"]
[BlackElo "1937"]
[PlyCount "37"]
[EventDate "2024.11.03"]
[EventType "team-tourn"]
[EventRounds "9"]
[EventCountry "HUN"]
[Source "chess.hu"]
[SourceDate "2024.11.17"]
[WhiteTeam "Gyulai SE"]
[BlackTeam "Duocor-Makoi SVSE II"]
[WhiteTeamCountry "HUN"]
[BlackTeamCountry "HUN"]

1. d4 Nf6 2. Bf4 e6 3. c3 b6 4. Nf3 Bb7 5. Nbd2 Be7 6. e3 d6 7. h3 Nbd7 8. Be2
O-O 9. O-O a5 10. Re1 Re8 11. Qc2 Nf8 12. Rad1 Ng6 13. Bh2 Qc8 14. Bd3 Ba6 15.
c4 d5 16. a3 Bd6 17. cxd5 Bxh2+ 18. Kxh2 Bxd3 19. Qxd3 1/2-1/2

[Event "NB2 Toth Laszlo csoport"]
[Site "Gyula"]
[Date "2024.11.17"]
[Round "2.9"]
[White "Gyori, Balint"]
[Black "Balogh, Borbala"]
[Result "1-0"]
[WhiteElo "1752"]
[BlackElo "1717"]
[PlyCount "73"]
[EventDate "2024.11.03"]
[EventType "team-tourn"]
[EventRounds "9"]
[EventCountry "HUN"]
[Source "chess.hu"]
[SourceDate "2024.11.17"]
[WhiteTeam "Duocor-Makoi SVSE II"]
[BlackTeam "Gyulai SE"]
[WhiteTeamCountry "HUN"]
[BlackTeamCountry "HUN"]

1. Nf3 Nf6 2. d4 d6 3. c4 g6 4. Nc3 Bg7 5. e4 O-O 6. Be2 e5 7. dxe5 dxe5 8.
Qxd8 Rxd8 9. Bg5 Re8 10. Nd5 Nxd5 11. cxd5 Bf8 12. O-O a6 13. Rac1 Bd6 14. Nd2
Bd7 15. Be3 b5 16. Nb3 c6 17. Rfd1 cxd5 18. Rxd5 Bf8 19. f3 f6 20. Nc5 Bxc5 21.
Rdxc5 Be6 22. Rc7 Nd7 23. R1c6 Nf8 24. Bh6 Rec8 25. Rg7+ Kh8 26. Rxc8 Bxc8 27.
Re7 Kg8 28. Bd1 Ne6 29. Bb3 a5 30. Bxe6+ Bxe6 31. Rxe6 Kf7 32. Rb6 g5 33. h4
Rg8 34. h5 Re8 35. Rxb5 a4 36. Ra5 Re7 37. Rxa4 1-0

[Event "NB2 Toth Laszlo csoport"]
[Site "Gyula"]
[Date "2024.11.17"]
[Round "2.10"]
[White "Major, Peter"]
[Black "Kopias, Ferenc"]
[Result "1/2-1/2"]
[WhiteElo "1670"]
[BlackElo "1758"]
[PlyCount "34"]
[EventDate "2024.11.03"]
[EventType "team-tourn"]
[EventRounds "9"]
[EventCountry "HUN"]
[Source "chess.hu"]
[SourceDate "2024.11.17"]
[WhiteTeam "Gyulai SE"]
[BlackTeam "Duocor-Makoi SVSE II"]
[WhiteTeamCountry "HUN"]
[BlackTeamCountry "HUN"]

1. e4 c5 2. c3 d5 3. exd5 Qxd5 4. d4 Nf6 5. Nf3 Nc6 6. Na3 Bg4 7. Be2 e6 8. Nb5
Qd8 9. O-O a6 10. Na3 cxd4 11. Nxd4 Bxe2 12. Nxe2 Qxd1 13. Rxd1 Bxa3 14. bxa3
O-O 15. Bg5 Ne4 16. Be3 Nf6 17. Bg5 Ne4 1/2-1/2

[Event "NB2 Toth Laszlo csoport"]
[Site "Gyula"]
[Date "2024.11.17"]
[Round "2.11"]
[White "Szalai, Anita"]
[Black "Godo, Csongor"]
[Result "1-0"]
[WhiteElo "1664"]
[BlackElo "1636"]
[PlyCount "57"]
[EventDate "2024.11.03"]
[EventType "team-tourn"]
[EventRounds "9"]
[EventCountry "HUN"]
[Source "chess.hu"]
[SourceDate "2024.11.17"]
[WhiteTeam "Duocor-Makoi SVSE II"]
[BlackTeam "Gyulai SE"]
[WhiteTeamCountry "HUN"]
[BlackTeamCountry "HUN"]

1. d4 Nf6 2. Nc3 e6 3. Bf4 b6 4. e3 Bb7 5. Nf3 c5 6. dxc5 Bxc5 7. Nb5 Nd5 8.
Nd6+ Bxd6 9. Bxd6 Nc6 10. e4 Nde7 11. Nd4 Nxd4 12. Qxd4 O-O 13. Bd3 Re8 14. h4
Nc8 15. Bg3 d5 16. e5 Ne7 17. Qg4 Qd7 18. h5 Nf5 19. Bf4 h6 20. Rh3 Kh8 21. Qe2
Qe7 22. Qd2 Qf8 23. g4 Ne7 24. g5 Ng8 25. Rg3 hxg5 26. Bxg5 Nh6 27. Bxh6 gxh6
28. Qf4 f5 29. exf6 1-0

[Event "NB2 Toth Laszlo csoport"]
[Site "Mako"]
[Date "2024.12.01"]
[Round "3.1"]
[White "Keresztes, Richard"]
[Black "Mokcsay, Robert"]
[Result "1/2-1/2"]
[WhiteElo "2180"]
[BlackElo "2221"]
[PlyCount "22"]
[GameId "2119383293648857"]
[EventDate "2024.11.03"]
[EventType "team-tourn"]
[EventRounds "9"]
[EventCountry "HUN"]
[Source "chess.hu"]
[WhiteTeam "TAKISZ SE"]
[BlackTeam "Duocor-Makoi SVSE II"]
[WhiteTeamCountry "HUN"]
[BlackTeamCountry "HUN"]

1. d4 d5 2. c4 c6 3. Nc3 Nf6 4. Nf3 a6 5. e3 b5 6. cxd5 cxd5 7. Bd3 Bb7 8. a4 b4 9. Na2 e6 10. Bd2 Nc6 11. O-O Bd6 1/2-1/2

[Event "NB2 Toth Laszlo csoport"]
[Site "Mako"]
[Date "2024.12.01"]
[Round "3.4"]
[White "Kovacs, Arthur Dr."]
[Black "Keresztes, Mark"]
[Result "1/2-1/2"]
[WhiteElo "1946"]
[BlackElo "1983"]
[PlyCount "32"]
[GameId "2119383409987593"]
[EventDate "2024.11.03"]
[EventType "team-tourn"]
[EventRounds "9"]
[EventCountry "HUN"]
[Source "chess.hu"]
[WhiteTeam "Duocor-Makoi SVSE II"]
[BlackTeam "TAKISZ SE"]
[WhiteTeamCountry "HUN"]
[BlackTeamCountry "HUN"]

1. d4 Nf6 2. Nf3 d5 3. c4 e6 4. Nc3 Be7 5. cxd5 exd5 6. Bg5 O-O 7. Qc2 Re8 8. e3 h6 9. Bh4 Nc6 10. a3 Bg4 11. Be2 Ne4 12. Bxe7 Rxe7 13. Nxe4 dxe4 14. Nd2 Bxe2 15. Kxe2 Qd5 16. Qc5 Qxc5 1/2-1/2

[Event "NB2 Toth Laszlo csoport"]
[Site "Mako"]
[Date "2024.12.01"]
[Round "3.5"]
[White "Donko, Matyas"]
[Black "Gyori, Gabor"]
[Result "1/2-1/2"]
[WhiteElo "1909"]
[BlackElo "1890"]
[PlyCount "22"]
[GameId "2119383451004953"]
[EventDate "2024.11.03"]
[EventType "team-tourn"]
[EventRounds "9"]
[EventCountry "HUN"]
[Source "chess.hu"]
[WhiteTeam "TAKISZ SE"]
[BlackTeam "Duocor-Makoi SVSE II"]
[WhiteTeamCountry "HUN"]
[BlackTeamCountry "HUN"]

1. e4 e5 2. Nf3 Nc6 3. Bc4 Bc5 4. d3 Nf6 5. Bg5 h6 6. Bh4 d6 7. c3 a6 8. a4 Ba7 9. a5 g5 10. Bg3 Qe7 11. Nbd2 Bd7 1/2-1/2

[Event "NB2 Toth Laszlo csoport"]
[Site "Mako"]
[Date "2024.12.01"]
[Round "3.6"]
[White "Balassy, Gabor"]
[Black "Keresztes, Zoltan"]
[Result "1/2-1/2"]
[WhiteElo "1919"]
[BlackElo "1917"]
[PlyCount "47"]
[GameId "2119383487946793"]
[EventDate "2024.11.03"]
[EventType "team-tourn"]
[EventRounds "9"]
[EventCountry "HUN"]
[Source "chess.hu"]
[WhiteTeam "Duocor-Makoi SVSE II"]
[BlackTeam "TAKISZ SE"]
[WhiteTeamCountry "HUN"]
[BlackTeamCountry "HUN"]

1. c4 Nf6 2. g3 e6 3. Bg2 Be7 4. e3 c5 5. Ne2 O-O 6. O-O d5 7. d3 Nc6 8. a3 Qd7 9. Qc2 Rd8 10. Nbc3 a6 11. Rd1 Rb8 12. b3 b5 13. cxd5 exd5 14. Nf4 d4 15. Ncd5 Nxd5 16. Nxd5 Bf8 17. e4 Ne5 18. Bg5 Re8 19. f4 Ng4 20. f5 f6 21. Bf4 Ne5 22. g4 Bb7 23. a4 Bxd5 24. exd5 1/2-1/2

[Event "NB2 Toth Laszlo csoport"]
[Site "Mako"]
[Date "2024.12.01"]
[Round "3.7"]
[White "Marton, Attila"]
[Black "Diamant, Tibor"]
[Result "1/2-1/2"]
[WhiteElo "1890"]
[BlackElo "1930"]
[PlyCount "26"]
[GameId "2119383527198777"]
[EventDate "2024.11.03"]
[EventType "team-tourn"]
[EventRounds "9"]
[EventCountry "HUN"]
[Source "chess.hu"]
[WhiteTeam "TAKISZ SE"]
[BlackTeam "Duocor-Makoi SVSE II"]
[WhiteTeamCountry "HUN"]
[BlackTeamCountry "HUN"]

1. c4 Nf6 2. Nc3 e6 3. e4 d5 4. e5 d4 5. exf6 dxc3 6. fxg7 cxd2+ 7. Qxd2 Qxd2+ 8. Bxd2 Bxg7 9. O-O-O Bd7 10. Be2 Nc6 11. Nf3 h6 12. Be3 O-O-O 13. Nd4 Nxd4 1/2-1/2

[Event "NB2 Toth Laszlo csoport"]
[Site "Mako"]
[Date "2024.12.01"]
[Round "3.8"]
[White "Gyori, Balint"]
[Black "Gomori, Mihaly"]
[Result "1/2-1/2"]
[WhiteElo "1796"]
[BlackElo "1858"]
[PlyCount "52"]
[GameId "2119383562498121"]
[EventDate "2024.11.03"]
[EventType "team-tourn"]
[EventRounds "9"]
[EventCountry "HUN"]
[Source "chess.hu"]
[WhiteTeam "Duocor-Makoi SVSE II"]
[BlackTeam "TAKISZ SE"]
[WhiteTeamCountry "HUN"]
[BlackTeamCountry "HUN"]

1. Nf3 Nf6 2. d4 d5 3. c4 c6 4. e3 g6 5. Nc3 Bg7 6. Bd3 O-O 7. O-O dxc4 8. Bxc4 b5 9. Be2 Bb7 10. Ne5 Nbd7 11. Bf3 Qc7 12. Nxd7 Qxd7 13. Qc2 Rac8 14. Rd1 Rfd8 15. b3 a6 16. Qe2 Qc7 17. Ba3 h5 18. Bc5 Bf8 19. Rac1 Nd7 20. Ne4 e5 21. dxe5 Qxe5 22. Bd4 Qe6 23. Qb2 f5 24. Nf6+ Nxf6 25. Bxf6 Rxd1+ 26. Rxd1 Kf7 1/2-1/2

[Event "NB2 Toth Laszlo csoport"]
[Site "Mako"]
[Date "2024.12.01"]
[Round "3.10"]
[White "Kopias, Ferenc"]
[Black "Torok, Borbala"]
[Result "1-0"]
[WhiteElo "1750"]
[BlackElo "1847"]
[PlyCount "45"]
[GameId "2119383633080425"]
[EventDate "2024.11.03"]
[EventType "team-tourn"]
[EventRounds "9"]
[EventCountry "HUN"]
[Source "chess.hu"]
[WhiteTeam "Duocor-Makoi SVSE II"]
[BlackTeam "TAKISZ SE"]
[WhiteTeamCountry "HUN"]
[BlackTeamCountry "HUN"]

1. Nf3 d5 2. b3 c5 3. Bb2 e6 4. g3 Nf6 5. Bg2 Nc6 6. O-O Be7 7. d3 O-O 8. Nbd2 d4 9. Nc4 Qc7 10. c3 Rd8 11. cxd4 Nxd4 12. Rc1 Nxf3+ 13. Bxf3 Nd5 14. d4 Bg5 15. Nd2 Qa5 16. Nc4 Qa6 17. e3 cxd4 18. Bxd4 Nb4 19. Qe2 Rxd4 20. exd4 Bxc1 21. Rxc1 Rb8 22. Qe5 Ra8 23. Qc7 1-0

[Event "NB2 Toth Laszlo csoport"]
[Site "Mako"]
[Date "2024.12.01"]
[Round "3.11"]
[White "Horvath, Sandor"]
[Black "Kralik, Attila"]
[Result "0-1"]
[WhiteElo "1817"]
[BlackElo "1746"]
[PlyCount "62"]
[GameId "2119383666069625"]
[EventDate "2024.11.03"]
[EventType "team-tourn"]
[EventRounds "9"]
[EventCountry "HUN"]
[Source "chess.hu"]
[WhiteTeam "TAKISZ SE"]
[BlackTeam "Duocor-Makoi SVSE II"]
[WhiteTeamCountry "HUN"]
[BlackTeamCountry "HUN"]

1. d4 Nf6 2. Nf3 d5 3. Bf4 c5 4. c3 e6 5. e3 Nc6 6. Nbd2 a6 7. Bd3 c4 8. Bc2 Bd6 9. Ne5 h6 10. Nxc6 bxc6 11. Bg3 O-O 12. e4 dxe4 13. Nxe4 Ne8 14. Nxd6 Nxd6 15. Qe2 Re8 16. O-O Bb7 17. Bxd6 Qxd6 18. Qxc4 Qf4 19. Qd3 c5 20. Qe3 Qg4 21. f3 cxd4 22. Qxd4 Qg5 23. Rad1 Rad8 24. Qf2 Rd5 25. Bb3 Rxd1 26. Rxd1 Rd8 27. Rxd8+ Qxd8 28. f4 Qd3 29. Bc2 Qd5 30. b3 f5 31. Qd4 Qxg2# 0-1

[Event "NB2 Toth Laszlo csoport"]
[Site "Kiskunfelegyhaza"]
[Date "2024.12.01"]
[Round "3.1"]
[White "Fekete, Albert"]
[Black "Udvardi, Zalan"]
[Result "0-1"]
[WhiteElo "2083"]
[BlackElo "2228"]
[PlyCount "60"]
[GameId "2119489448258878"]
[EventDate "2024.11.03"]
[EventType "team-tourn"]
[EventRounds "9"]
[EventCountry "HUN"]
[Source "chess.hu"]
[WhiteTeam "Gyulai SE"]
[BlackTeam "Felegyhaza-Csongrad"]
[WhiteTeamCountry "HUN"]
[BlackTeamCountry "HUN"]

1. b4 e5 2. Bb2 Bxb4 3. f4 d6 4. fxe5 dxe5 5. Bxe5 Bd6 6. Bxd6 Qxd6 7. Nf3 Nf6 8. Nc3 Nc6 9. Rb1 Bg4 10. e3 O-O-O 11. Be2 Rhe8 12. Qc1 Rd7 13. Nb5 Qc5 14. Qa3 Qxa3 15. Nxa3 Ne4 16. Bd3 Nc5 17. Bb5 Re6 18. Nc4 f6 19. O-O Ne4 20. Nd4 Rxd4 21. exd4 Nxd4 22. Ne3 Be2 23. Bxe2 Nxe2+ 24. Kh1 Nxd2 25. Nf5 Nxb1 26. Rxb1 g6 27. Nh4 Nc3 28. Rf1 Nxa2 29. Nf3 Nc3 30. h4 a5 0-1

[Event "NB2 Toth Laszlo csoport"]
[Site "Kiskunfelegyhaza"]
[Date "2024.12.01"]
[Round "3.2"]
[White "Pacal, Mihaly"]
[Black "Oltean, Cristian-Daniel"]
[Result "1/2-1/2"]
[WhiteElo "2101"]
[BlackElo "2111"]
[PlyCount "29"]
[GameId "2119489490218330"]
[EventDate "2024.11.03"]
[EventType "team-tourn"]
[EventRounds "9"]
[EventCountry "HUN"]
[Source "chess.hu"]
[WhiteTeam "Felegyhaza-Csongrad"]
[BlackTeam "Gyulai SE"]
[WhiteTeamCountry "HUN"]
[BlackTeamCountry "HUN"]

1. d4 g6 2. Bg5 Bg7 3. e3 Nf6 4. Nd2 d6 5. Ngf3 O-O 6. e4 Nbd7 7. Bd3 e5 8. O-O Qe7 9. Re1 h6 10. Bh4 g5 11. Bg3 Rd8 12. Qe2 Nh5 13. Nf1 Nf4 14. Qe3 Nf6 15. Bxf4 1/2-1/2

[Event "NB2 Toth Laszlo csoport"]
[Site "Kiskunfelegyhaza"]
[Date "2024.12.01"]
[Round "3.3"]
[White "Tamas, Kornel"]
[Black "Kemeny, Csaba"]
[Result "1-0"]
[WhiteElo "1989"]
[BlackElo "2078"]
[PlyCount "141"]
[GameId "2119489529445750"]
[EventDate "2024.11.03"]
[EventType "team-tourn"]
[EventRounds "9"]
[EventCountry "HUN"]
[Source "chess.hu"]
[WhiteTeam "Gyulai SE"]
[BlackTeam "Felegyhaza-Csongrad"]
[WhiteTeamCountry "HUN"]
[BlackTeamCountry "HUN"]

1. Nf3 d5 2. c4 e6 3. e3 f5 4. b3 Nf6 5. Bb2 Bd6 6. Qc2 c6 7. Nc3 O-O 8. cxd5 exd5 9. Be2 Qe7 10. O-O Ne4 11. Rac1 Nd7 12. d3 Nef6 13. Rfe1 Ne5 14. Nb1 Bd7 15. Nbd2 Rae8 16. Nxe5 Bxe5 17. Bxe5 Qxe5 18. Nf3 Qe7 19. d4 Be6 20. Ne5 Nd7 21. Nxd7 Bxd7 22. Bd3 Qg5 23. f4 Qf6 24. Qf2 Re6 25. h3 Rfe8 26. Rc2 R6e7 27. Rce2 Kh8 28. Qf3 Qh4 29. Kh2 Kg8 30. Qg3 Qf6 31. Qg5 Qe6 32. Qh4 g6 33. Rg1 Qd6 34. Qf2 a6 35. Kh1 Qb4 36. Qe1 Qxe1 37. Rgxe1 Kf7 38. Kg1 h6 39. Kf2 Kf6 40. Kf3 h5 41. g3 Rc8 42. Rc2 Rce8 43. b4 Ra8 44. Rb1 Rae8 45. Re2 Ra8 46. Rb3 Ree8 47. Rc2 Ke6 48. Rc1 Rh8 49. a4 Kd6 50. Rcc3 Rhc8 51. Kf2 Rh8 52. Kf3 Rhc8 53. Rc5 Rh8 54. b5 axb5 55. axb5 b6 56. Rc1 c5 57. dxc5+ bxc5 58. Rd1 Ra4 59. Rc3 Rb8 60. Bc4 Be6 61. Kf2 d4 62. Bxe6 Kxe6 63. Rxc5 dxe3+ 64. Kxe3 Ra3+ 65. Rd3 Rxd3+ 66. Kxd3 h4 67. gxh4 Rh8 68. b6 Kd6 69. Kc4 Rxh4 70. b7 Rxf4+ 71. Kb5 1-0

[Event "NB2 Toth Laszlo csoport"]
[Site "Kiskunfelegyhaza"]
[Date "2024.12.01"]
[Round "3.4"]
[White "Vilagos, Nandor"]
[Black "Gombos, Janos"]
[Result "1/2-1/2"]
[WhiteElo "2032"]
[BlackElo "1979"]
[PlyCount "64"]
[GameId "2119489564478866"]
[EventDate "2024.11.03"]
[EventType "team-tourn"]
[EventRounds "9"]
[EventCountry "HUN"]
[Source "chess.hu"]
[WhiteTeam "Felegyhaza-Csongrad"]
[BlackTeam "Gyulai SE"]
[WhiteTeamCountry "HUN"]
[BlackTeamCountry "HUN"]

1. e4 d5 2. exd5 Qxd5 3. Nc3 Qa5 4. d4 Nf6 5. Nf3 Bf5 6. Bc4 e6 7. O-O Nbd7 8. Bf4 c6 9. a3 Qd8 10. Qe2 Be7 11. Rfe1 Nb6 12. Bb3 O-O 13. Rad1 Re8 14. Ne5 Nfd5 15. Nxd5 exd5 16. Qf3 Be6 17. c3 Nd7 18. Bc2 Nxe5 19. Rxe5 g6 20. Rde1 Bf6 21. R5e3 Bg7 22. Qg3 Bf6 23. h3 Bh4 24. Qf3 Bg5 25. Bxg5 Qxg5 26. Re5 Qh4 27. R1e3 Kg7 28. Qg3 Qxg3 29. Rxg3 Bd7 30. Rge3 Rxe5 31. Rxe5 Re8 32. f4 f6 1/2-1/2

[Event "NB2 Toth Laszlo csoport"]
[Site "Kiskunfelegyhaza"]
[Date "2024.12.01"]
[Round "3.5"]
[White "Campeanu, Alin-Vivian"]
[Black "Varadi, Laszlo"]
[Result "1/2-1/2"]
[WhiteElo "1892"]
[BlackElo "1974"]
[PlyCount "105"]
[GameId "2119489598213550"]
[EventDate "2024.11.03"]
[EventType "team-tourn"]
[EventRounds "9"]
[EventCountry "HUN"]
[Source "chess.hu"]
[WhiteTeam "Gyulai SE"]
[BlackTeam "Felegyhaza-Csongrad"]
[WhiteTeamCountry "HUN"]
[BlackTeamCountry "HUN"]

1. d4 Nf6 2. c4 g6 3. h4 Bg7 4. Nc3 d5 5. h5 Nxh5 6. cxd5 c6 7. e4 cxd5 8. e5 Bf8 9. Be2 Ng7 10. Nf3 Nc6 11. Qb3 e6 12. Bh6 Nf5 13. Bxf8 Kxf8 14. O-O-O Qb6 15. Qxb6 axb6 16. Kb1 Bd7 17. g4 Nfe7 18. Nb5 Na5 19. Nd6 Nc8 20. Nxc8 Rxc8 21. Rc1 Kg7 22. b3 Rc6 23. Rxc6 bxc6 24. Kb2 Rc8 25. b4 Nb7 26. Ba6 Rb8 27. Rc1 c5 28. Kc3 c4 29. Ra1 b5 30. Bxb7 Rxb7 31. a3 Ra7 32. Kb2 Be8 33. g5 h6 34. Rh1 hxg5 35. Nxg5 Kf8 36. Rh3 Ke7 37. Rf3 Rc7 38. Kc3 Rc8 39. Rf4 Ra8 40. Kb2 c3+ 41. Kb3 c2 42. Kxc2 Rxa3 43. Kb2 Ra4 44. Kb3 Ra1 45. Nh7 Rb1+ 46. Kc3 Rc1+ 47. Kb2 Rh1 48. Ng5 Rh5 49. Nf3 Rf5 50. Rxf5 exf5 51. Nh4 f6 52. f4 fxe5 53. dxe5 1/2-1/2

[Event "NB2 Toth Laszlo csoport"]
[Site "Kiskunfelegyhaza"]
[Date "2024.12.01"]
[Round "3.6"]
[White "Karsai, Istvan"]
[Black "Jako, Robert"]
[Result "1/2-1/2"]
[WhiteElo "1984"]
[BlackElo "1865"]
[PlyCount "100"]
[GameId "2119489637301706"]
[EventDate "2024.11.03"]
[EventType "team-tourn"]
[EventRounds "9"]
[EventCountry "HUN"]
[Source "chess.hu"]
[WhiteTeam "Felegyhaza-Csongrad"]
[BlackTeam "Gyulai SE"]
[WhiteTeamCountry "HUN"]
[BlackTeamCountry "HUN"]

1. e4 d5 2. exd5 Nf6 3. c4 c6 4. Nc3 cxd5 5. d4 Nc6 6. Nf3 Bg4 7. cxd5 Nxd5 8. Qb3 Bxf3 9. gxf3 Nxc3 10. bxc3 Qc7 11. Rb1 Rb8 12. d5 Ne5 13. Bb5+ Nd7 14. Be3 a6 15. Bxd7+ Qxd7 16. Bf4 Rc8 17. Qxb7 Qxb7 18. Rxb7 Rxc3 19. O-O Rd3 20. Rb8+ Kd7 21. Rc1 Rxd5 22. Rc7+ Ke6 23. Rcc8 Ra5 24. Rxf8 Rxf8 25. Rxf8 Rxa2 26. Rc8 a5 27. Rc3 h6 28. Kg2 f6 29. Be3 Kd5 30. Bc5 Re2 31. Ba3 Re5 32. Rc7 Rg5+ 33. Kf1 e6 34. Bf8 g6 35. Bxh6 Rh5 36. Bd2 Rxh2 37. Bxa5 Rh5 38. Bb4 e5 39. Rg7 Rh4 40. Bd2 g5 41. Ra7 Rc4 42. Be3 g4 43. fxg4 Rxg4 44. f3 Rc4 45. Ra6 f5 46. Ra5+ Ke6 47. Rc5 Ra4 48. Ke2 f4 49. Bd2 e4 50. Bxf4 exf3+ 1/2-1/2

[Event "NB2 Toth Laszlo csoport"]
[Site "Kiskunfelegyhaza"]
[Date "2024.12.01"]
[Round "3.8"]
[White "Hideg, Istvan Benjamin"]
[Black "Balogh, Borbala"]
[Result "1-0"]
[WhiteElo "1903"]
[BlackElo "1706"]
[PlyCount "107"]
[GameId "2119489736437250"]
[EventDate "2024.11.03"]
[EventType "team-tourn"]
[EventRounds "9"]
[EventCountry "HUN"]
[Source "chess.hu"]
[WhiteTeam "Felegyhaza-Csongrad"]
[BlackTeam "Gyulai SE"]
[WhiteTeamCountry "HUN"]
[BlackTeamCountry "HUN"]

1. e4 c5 2. Nf3 e6 3. d4 cxd4 4. Nxd4 a6 5. c4 Nf6 6. Nc3 Qc7 7. a3 Be7 8. Be3 d6 9. Be2 Nbd7 10. b4 b5 11. Qb3 bxc4 12. Qxc4 Qxc4 13. Bxc4 Bb7 14. Bd3 Ne5 15. Kd2 d5 16. exd5 Nxd5 17. Nxd5 Bxd5 18. f3 Bf6 19. Rac1 Nxd3 20. Kxd3 Bxd4 21. Bxd4 Kd7 22. Bxg7 Rhg8 23. Be5 Rxg2 24. Rc7+ Ke8 25. Rhc1 Kf8 26. Bf6 Re8 27. f4 Rxh2 28. Rg1 Rg2 29. Rxg2 Bxg2 30. Kd4 Bf1 31. a4 Rb8 32. Kc5 Be2 33. Ra7 Ke8 34. Re7+ Kf8 35. Ra7 Ke8 36. Kd6 Rc8 37. Re7+ Kf8 38. Rb7 Bd1 39. b5 Bxa4 40. b6 h5 41. Rc7 Rb8 42. b7 Be8 43. Kc5 h4 44. Bxh4 Kg7 45. Kb6 Bb5 46. Rc8 Rxb7+ 47. Kxb7 Kg6 48. Rc5 f6 49. Be1 Be2 50. Kc7 Kf7 51. Kd6 e5 52. f5 Bd3 53. Rc7+ Kg8 54. Ke6 1-0